| 000 | 00791nam a2200217 i 4500 | ||
|---|---|---|---|
| 001 | 54192 | ||
| 003 | ES-MaACL | ||
| 005 | 20251113140547.0 | ||
| 007 | t| | ||
| 008 | 960716s1864 fr a |||| | fre d | ||
| 040 |
_aCAM _bspa _cCAM |
||
| 100 | 1 |
_aFiguier, Louis, _d1819-1894 _950814 |
|
| 245 | 1 | 3 |
_aLa terre avant le déluge / _cpar Louis Figuier; ouvrage contenant 25 vues idéales de paysages de l'ancient monde dessinées par Riou ... |
| 260 |
_aParis : _bLibrairie de L. Hachette et Cie., _c1864 ( _fImp. de Ch. Lahure) |
||
| 300 |
_aXX, 486 p. : _bil. ; _c24 cm. |
||
| 650 | 0 | 7 |
_aGeología histórica _2embne _913094 |
| 650 |
_aTierra (Planeta)- _xOrigen. _9178537 |
||
| 700 | 1 |
_aRiou, Édouard, _d1833-1900 _997410 |
|
| 852 |
_aES-MaACL _jF-8319 |
||
| 999 |
_c54192 _d54192 |
||